000
00323nam a22001457a 4500
003
SGT
020
_a
81-86937-01-3
082
_a
615.553
_b
Y15M
100
_a
MISHRA, SATYENDRA PRASAD
245
_a
YOGA AND AYURVEDA
260
_a
VARANASI
_b
CHAUKHAMBHA PUB
_c
2015
300
_a
226
650
_a
AYURVEDA
942
_2
ddc
_c
BK
999
_c
14445
_d
14445